Les puissances militaires mondiales - Statistiques

Statistiques générales
  • Ce quiz a été pris 4 103 fois
    4 059 depuis la dernière actualisation
  • Le résultat moyen est 15 sur 20
Statistiques - réponses
Rang Réponse Indice de puissance militaire (Power Index) % Correct
7 France 0,1283
99%
1 États-Unis 0,0453
98%
2 Russie 0,0501
98%
3 Chine 0,0511
97%
16 Allemagne 0,2322
88%
8 Royaume-Uni 0,1382
88%
4 Inde 0,0979
87%
5 Japon 0,1195
87%
19 Espagne 0,2901
80%
11 Italie 0,1801
79%
10 Brésil 0,1695
77%
6 Corée du Sud 0,1261
76%
9 Pakistan 0,1572
63%
14 Iran 0,2104
58%
17 Australie 0,2377
55%
13 Turquie 0,1961
54%
18 Israël 0,2621
52%
12 Égypte 0,1869
44%
20 Arabie Saoudite 0,2966
41%
15 Indonésie 0,2251
38%
Aucun quiz correspondant
Distribution des résultats
% des personnes avec chaque résultat
Percentile par nombre de réponses
Votre historique - résultats
Vous n’avez pas pris ce quiz depuis la dernière actualisation